|
|
|
|
| LEADER |
01244nam a2200313 a 4500 |
| 001 |
c000123068 |
| 003 |
CARM |
| 005 |
00000000000000.0 |
| 008 |
910725s1893 enk 00100 eng d |
| 010 |
|
|
|a 03004786
|
| 019 |
1 |
|
|a 8189876
|z 27640387
|5 LACONCORD2021
|
| 035 |
|
|
|a (OCoLC)1556050
|5 LACONCORD2021
|
| 040 |
|
|
|d SL
|
| 043 |
|
|
|a e-uk---
|
| 050 |
0 |
0 |
|a DA47.6
|b .P31
|
| 100 |
1 |
|
|a Paton, James,
|d 1843-1906.
|
| 245 |
1 |
0 |
|a British history and papal claims :
|b from the Norman conquest to the present day /
|c by James Paton.
|
| 260 |
|
|
|a London :
|b Hodder & Stoughton,
|c 1893.
|
| 300 |
|
|
|a 2 v. ;
|c 23 cm.
|
| 500 |
|
|
|a Includes index.
|
| 505 |
0 |
|
|a I. A.D. 1066-1760 -- II. A.D. 1760-1892.
|
| 610 |
2 |
0 |
|a Catholic Church
|z England.
|
| 650 |
|
0 |
|a Church and state
|z Great Britain.
|
| 651 |
|
0 |
|a Great Britain
|x History.
|
| 852 |
8 |
|
|b CARM
|h A2:AE03F0
|i C00439
|p 0028644
|f BK
|
| 852 |
8 |
|
|b CARM
|h A2:AD04F0
|i C00456
|p 0028619
|f BK
|
| 999 |
f |
f |
|i 5d25bb73-ee85-56ff-9147-da7aaa45f12d
|s d0bd7514-a05c-5b53-ab88-e7f934f8cc06
|
| 952 |
f |
f |
|p Can circulate
|a CAVAL
|b CAVAL
|c CAVAL
|d CARM 1 Store
|e C00456
|f A2:AD04F0
|h Other scheme
|i book
|j v.2 held
|m 0028619
|
| 952 |
f |
f |
|p Can circulate
|a CAVAL
|b CAVAL
|c CAVAL
|d CARM 1 Store
|e C00439
|f A2:AE03F0
|h Other scheme
|i book
|j v.1 held
|m 0028644
|